WHOSE THAT YUGIOH character? Quiz Stats

 Plays Quiz not verified by Sporcle

Score 0/26 Timer 07:00
0 Plays Today
FAV card Duelist % Correct
BLUE EYES WHITE DRAGONSeto Kaiba
77.7%
TIME WIZARDJoey Wheeler
74.4%
DARK MAGICIANYugi Moto
70.9%
HARPY LADYMai Valentine
69.2%
WINGED KARIBOHJaden Yuki
60.6%
GREAT MOTHWeevil Underwood
55.7%
CHANGE OF HEARTBakura
54.7%
WINGED DRAGON OF RAMarik Ishtar
52.8%
STARDUST DRAGONYusei Fudo
49.1%
LEGENDARY FISHERMANMako Tsunami
49%
OJAMAChazz Princeton
42.6%
RED DRAGON ARCHFIENDJack Atlas
42%
SERPANT KNIGHT DRAGONRex Raptor
37.8%
FAV card Duelist % Correct
METAL MORPHBandit Keith
37.3%
CYBER BLADERAlexis Rhodes
36.8%
ANCIENT FAIRY DRAGONLuna
35.9%
POWER TOOL DRAGONLeo
35.9%
SUPER VEHICROIDSyrus Truesdale
34%
THEINEN THE GREAT SPHINXAnubis
28.6%
MAHA VAILOTea Gardner
26.3%
BLACK WING DRAGONCrow Hogan
25.9%
BLACK ROSE DRAGONAkiza Izinski
20.1%
ANCIENT GEAR GOLEMVellian Crowler
15.8%
LIGHTNING BEASTTristan Taylor
11.3%
DES KOALAChumly Huffington
8.4%
TOON WORLDMaximillion Pegasis
4.5%

You're not logged in!

Compare scores with friends on all Sporcle quizzes.
OR
Log In

Show Comments

Extras

Top Quizzes Today


Score Distribution

Your Account Isn't Verified!

In order to create a playlist on Sporcle, you need to verify the email address you used during registration. Go to your Sporcle Settings to finish the process.

Report this User

Report this user for behavior that violates our Community Guidelines.

Details: